Oceanian Countries Top 25 - Statistics

General Stats
  • This quiz has been taken 19 times
  • The average score is 16 of 25
Answer Stats
Answer % Correct
New Zealand
100%
Papua New Guinea
100%
Australia
89%
Fiji
89%
Marshall Islands
89%
Micronesia
89%
Nauru
89%
Palau
89%
Tonga
89%
Tuvalu
89%
Vanuatu
89%
American Samoa
78%
Kiribati
78%
Samoa
78%
Solomon Islands
78%
French Polynesia
67%
Cook Islands
56%
Niue
44%
Guam
33%
New Caledonia
33%
Norfolk Islands
22%
Tokelau
22%
Baker Island
11%
Johnson Atoll
11%
Midway Atoll
11%
No matching quizzes found
Score Distribution
Percent of People with Each Score
Percentile by Number Answered
Your Score History
You have not taken this quiz